| 000 | 02362nam a22003497a 4500 | ||
|---|---|---|---|
| 001 | 101204 | ||
| 003 | KnowledgeUnlatched | ||
| 005 | 20210303105139.0 | ||
| 006 | m o d | ||
| 007 | cr u|||||||||| | ||
| 008 | 210129p20152019ne o u00| u eng d | ||
| 037 | _5BiblioBoard | ||
| 245 | 0 | 0 |
_aElements of Structural Syntax _cLucien Tesnière. |
| 020 | _a9789027212122 | ||
| 029 | 1 | _ahttps://library.biblioboard.com/ext/api/media/f67f49d5-14be-4196-9cab-d5ec7d6de2bf/assets/thumbnail.jpg | |
| 040 |
_aScCtBLL _cScCtBLL |
||
| 100 | 1 |
_aTesnière, Lucien _eauthor. |
|
| 264 | 1 | _bJohn Benjamins Publishing Company, | |
| 300 | _a1 online resource (783 p.) | ||
| 506 | 0 |
_aAccess copy available to the general public. _fUnrestricted _2star |
|
| 520 | _aThis volume is now finally available in English, sixty years after the death of its author, Lucien Tesnière. It has been translated from the French original into German, Spanish, Italian, and Russian, and now at long last into English as well. The volume contains a comprehensive approach to the syntax of natural languages, an approach that is foundational for an entire stream in the modern study of syntax and grammar. This stream is known today as dependency grammar (DG). Drawing examples from dozens of languages, many of which he was proficient in, Tesnière presents insightful analyses of numerous phenomena of syntax. Among the highlights are the concepts of valency and head-initial vs. head-final languages. These concepts are now taken for granted by most modern theories of syntax, even by phrase structure grammars, which represent, in a sense, the opposite sort of approach to syntax from what Tesnière was advocating. | ||
| 588 | 0 | _aDescription based on print version record. | |
| 590 | _aKU Select 2017: Backlist Collection | ||
| 650 | 7 |
_aLanguage Arts & Disciplines / Linguistics / Syntax _2bisacsh |
|
| 650 | 0 | _aLanguage arts | |
| 655 | 0 | _aElectronic books. | |
| 758 |
_iIs found in: _aKnowledge Unlatched _1https://openresearchlibrary.org/module/2774bc74-146a-484f-a7ba-ab1d6a09bbfb |
||
| 856 | 4 | 0 |
_uhttps://openresearchlibrary.org/content/f67f49d5-14be-4196-9cab-d5ec7d6de2bf _zView this content on Open Research Library. _70 |
| 999 |
_c33769 _d33769 |
||